Southville International School and Colleges
Your cart is empty.
  • Cart
  • Lists
    Public lists Eva Luna New books Lux_list list_1
    Your lists Log in to create your own lists
  • Log in to your account
  • Your cookies
  • Search history
Southville International School and Colleges
  • Advanced search
  • Recent comments
  • Most popular
  • Libraries

Log in to your account

Log in with GOOGLE


If you do not have an external account, but do have a local account, you can still log in:

  1. Home
  2. MARC view: Applied statistics using stata :
Normal view MARC view ISBD view

Applied statistics using stata : (Record no. 366397)

[ view plain ]
MARC details
000 -LEADER
fixed length control field 00763nam a22002297a 4500
003 - CONTROL NUMBER IDENTIFIER
control field 0
005 - DATE AND TIME OF LATEST TRANSACTION
control field 20240925145118.0
008 - FIXED-LENGTH DATA ELEMENTS--GENERAL INFORMATION
fixed length control field 240925b xxu||||| |||| 00| 0 eng d
020 ## - INTERNATIONAL STANDARD BOOK NUMBER
International Standard Book Number 9781529742565
050 ## - LIBRARY OF CONGRESS CALL NUMBER
Classification number HA 32
Item number .M44 2022
100 ## - MAIN ENTRY--PERSONAL NAME
Personal name Mehmetoglu, Mehmet,
Relator term author.
245 ## - TITLE STATEMENT
Title Applied statistics using stata :
Remainder of title a guide for the social science /
Statement of responsibility, etc Mehmet Mehmetoglu, Tor Georg Jakobsen.
250 ## - EDITION STATEMENT
Edition statement 2nd ed.
260 ## - PUBLICATION, DISTRIBUTION, ETC. (IMPRINT)
Place of publication, distribution, etc London :
Name of publisher, distributor, etc SAGE Publications Ltd.,
Date of publication, distribution, etc 2022.
300 ## - PHYSICAL DESCRIPTION
Extent xiv, 465 p. :
Other physical details ill. ;
Dimensions 25 cm.
504 ## - BIBLIOGRAPHY, ETC. NOTE
Bibliography, etc Includes index.
650 ## - SUBJECT ADDED ENTRY--TOPICAL TERM
Topical term or geographic name as entry element Stata.
650 ## - SUBJECT ADDED ENTRY--TOPICAL TERM
Topical term or geographic name as entry element Statistics
General subdivision data processing.
650 ## - SUBJECT ADDED ENTRY--TOPICAL TERM
Topical term or geographic name as entry element Social sciences
Form subdivision research-statistical methods
General subdivision computer programs.
700 ## - ADDED ENTRY--PERSONAL NAME
Personal name Jakobsen, Tor Georg,
Relator term author.
942 ## - ADDED ENTRY ELEMENTS (KOHA)
Source of classification or shelving scheme Library of Congress Classification
Koha item type Books
Holdings
Withdrawn status Lost status Source of classification or shelving scheme Damaged status Home library Current library Shelving location Date acquired Source of acquisition Sub Shelving location Total Checkouts Full call number Barcode Date last seen Price effective from Koha item type
    Library of Congress Classification   College Library College Library Reserve Section 09/25/2024 Library Fund     HA 32 .M44 2022 C23691 09/25/2024 09/25/2024 Books

Applied statistics using stata :

APA

Mehmetoglu M., Jakobsen T. G., . (2022). Applied statistics using stata. London: SAGE Publications Ltd.

Chicago

Mehmetoglu Mehmet, Jakobsen Tor Georg, . 2022. Applied statistics using stata. London: SAGE Publications Ltd.

Harvard

Mehmetoglu M., Jakobsen T. G., . (2022). Applied statistics using stata. London: SAGE Publications Ltd.

MLA

Mehmetoglu Mehmet, Jakobsen Tor Georg, . Applied statistics using stata. London: SAGE Publications Ltd. 2022.

  • Place hold
  • Print
  • Cite
  • Add to your cart (remove)
  • Save record
    BIBTEX Dublin Core MARCXML MARC (non-Unicode/MARC-8) MARC (Unicode/UTF-8) MARC (Unicode/UTF-8, Standard) MODS (XML) RIS
  • More searches
    Search for this title in:
    Other Libraries (WorldCat) Other Databases (Google Scholar) Online Stores (Bookfinder.com) Open Library (openlibrary.org)

Exporting to Dublin Core...

SOUTHVILLE LIBRARY

Southville International School and Colleges Library

1281 Tropical Ave. Cor. Luxembourg St., BF Homes International, Las Pinas City

Tel. No. 8256374 / 252358 Loc. 117/146

Powered by Koha